000 00410nam a2200169Ia 4500
008 230524s9999 xx 000 0 und d
082 _a5.43
_bCHH
100 _aT.N.Chhabra
245 0 _aE-Commerce
250 _a2
260 _aNew Delhi
_bDhanpati Rai
_c2011
300 _a"XII,R1.R8p;"
500 _aQuantity Number: 1
650 _aComp-Sc
700 _a"R.K.Suri, Sanjiv Verma"
_941985
942 _cBK
999 _c56401
_d56401